000 01783cam a22003494a 4500
999 _c8886
_d8886
001 60743141
003 OCoLC
005 20241126110700.0
008 050617s2005 miu b 001 0 eng
010 _a2005017563
020 _a0310255996 (pbk.)
020 _a9780310255994 (pbk.)
035 _a(OCoLC)60743141
040 _aDLC
_cDLC
_dBAKER
_dBTCTA
_dYDXCP
_dABF
_dIG#
_dBSC
042 _apcc
082 _a230
_bGRU
092 _a230
_bG885c, 2005
100 1 _aGrudem, Wayne A.
_91981
245 1 0 _aChristian beliefs :
_btwenty basics every Christian should know /
_cWayne A. Grudem ; edited by Elliot Grudem.
260 _aGrand Rapids, Mich. :
_bZondervan,
_cc2005.
300 _a159 p. ;
_c21 cm.
500 _aRev. ed. of: Bible doctrine.
504 _aIncludes bibliographical references (p. 147-156) and index.
505 0 _aWhat is the Bible? -- What is God like? -- What is the Trinity? -- What is creation? -- What is prayer? -- What are angels, Satan, and demons? -- What is man? -- What is sin? -- Who is Christ? -- What is the atonement? -- What is the resurrection? -- What is election? -- What does it mean to become a Christian? -- What are justification and adoption? -- What are sanctification and perseverance? -- What is death? -- What is the church? -- What will happen when Christ returns? -- What is the final judgment? -- What is heaven?
630 0 0 _aBible
_xTheology.
_9357
650 0 _aTheology, Doctrinal
_vPopular works.
_92476
700 1 _aGrudem, Elliot.
_915603
700 1 _aGrudem, Wayne A.
_tBible doctrine.
_915604
856 4 1 _3Table of contents only
_uhttp://www.loc.gov/catdir/toc/ecip0514/2005017563.html
856 4 2 _3Publisher description
_uhttp://www.loc.gov/catdir/enhancements/fy0633/2005017563-d.html
942 _2ddc
_cBK
_019